00860cam a22002531 4500001001300000003000400013005001700017008004100034010001700075035002000092040001900112043002100131050002200152051002600174100004300200245008200243260004300325300007500368410004400443500003200487650003700519650003300556999001700589gs 10000342 DLC20260227111310.0870924s1910 dcuab f000 0 eng  ags 10000342  a(OCoLC)16739472 aDLCcOrPSdDLC an-us-coan-us-ut00aQE75b.B9 no. 415 aTN805.C6bG3cCopy 2.1 aGale, Hoyt S.q(Hoyt Stoddard),d1876-00aCoal fields of northwestern Colorado and northeastern Utah,cby Hoyt S. Gale. aWashington,bGovt. print. off.,c1910. a265 p.billus., 22 pl. (part fold. incl. maps, tables) diagrs.c24 cm.20aGeological Survey (U.S.)tBulletinv415 aFive folded maps in pocket. 0aCoal mines and miningzColorado. 0aCoal mines and miningzUtah. c24929d24929